| 000 | 00682nam a22001697a 4500 | ||
|---|---|---|---|
| 020 | _qHard Cover. | ||
| 082 | _a621.3 | ||
| 100 | _aAffan Bin Usman, Shehza, Ali ; Fatima, Ali ; Haad Khurram Danyal | ||
| 245 |
_aCHOLOGLOBIN: non-invasive hemoglobin and cholesterol detection _cAffan Bin Usman ; Ali Shehzad Malik, Asma Fatima, Haad Khurram Danyal |
||
| 260 |
_aIslamabad : _bSEECS - NUST, _c2019. |
||
| 300 |
_a43 p. : ill. ; _c30cm. |
||
| 650 |
_aElectrical Engineering-Project Report _930780 |
||
| 700 |
_aDr. Ahmad Salman. _918529 |
||
| 856 | _uhttp://10.250.8.41:8080/xmlui/handle/123456789/29572 | ||
| 942 |
_2ddc _cPR |
||
| 999 |
_c535878 _d535878 |
||